Specification for braided oil and solvent resisting hose of rubber (Record no. 73696)

MARC details
000 -LEADER
fixed length control field 00421nam a2200145Ia 4500
245 #0 - TITLE STATEMENT
Title Specification for braided oil and solvent resisting hose of rubber
260 ## - PUBLICATION, DISTRIBUTION, ETC. (IMPRINT)
Year of publication 1965
500 ## - GENERAL NOTE
General note Standard number: IS 3418
650 ## - SUBJECT ADDED ENTRY--TOPICAL TERM
Topical Term Braided textile reinforcement
650 ## - SUBJECT ADDED ENTRY--TOPICAL TERM
Topical Term Oil resistant hose
650 ## - SUBJECT ADDED ENTRY--TOPICAL TERM
Topical Term Rubber hose
650 ## - SUBJECT ADDED ENTRY--TOPICAL TERM
Topical Term Solvent resistant hose
942 ## - ADDED ENTRY ELEMENTS (KOHA)
Koha item type Standards
Holdings
Withdrawn status Lost status Damaged status Not for loan Collection code Home library Current library Date acquired Koha item type
      Standards Indian standards RRII Library RRII Library 31/12/2021 Standards